Trouves le rappeur français(2000-2009) - Statistiques

Statistiques générales
  • Ce quiz a été pris 177 fois
  • Le résultat moyen est 5 sur 20
Statistiques - réponses
Album Rappeur % Correct
Gravé dans la roche SNIPER
93%
Mauvais oeil Lunatic
69%
Temps Mort Booba
67%
Suis-je le gardien de mon frère ? Sefyu
41%
Rois sans couronne Nessbeal
36%
Vivre et mourir à Dakar Alpha 5.20
33%
La cerise sur le ghetto Mafia K'1 Fry
25%
Aller Retour La Fouine
21%
S.O.S Diam's
19%
La vie avant la mort Rohff
19%
Triple violences urbaines LIM
18%
Prolongation Salif
17%
Barillet plein Seth Gueko
17%
La main sur le coeur Sinik
15%
C'est toujours pour ceux qui savent Tandem
13%
Illégal radio 113
10%
HLM Rezidants Dicidens
9%
Une couleur de plus au drapeau KDD
9%
Première claque Sofiane
7%
Havre de guerre Ness et Cité
5%
Aucun quiz correspondant
Distribution des résultats
% des personnes avec chaque résultat
Percentile par nombre de réponses
Votre historique - résultats
Vous n’avez pas pris ce quiz